| 000 | 00531nam a22001937a 4500 | ||
|---|---|---|---|
| 003 | KOHA_MİRAKIL | ||
| 005 | 20250929085802.0 | ||
| 008 | 250929b tu ||||| |||| 00| 0 tur d | ||
| 020 | _a9789751038449 | ||
| 040 |
_aTR-AnABB _btur _cTR-AnABB |
||
| 041 | _atur | ||
| 082 |
_a808.1 _bBOZ 2017 |
||
| 100 | 1 | _aBozkurt, Ahmet, | |
| 245 | 1 | 0 |
_aŞiir- fragmanlar / _cAhmet Bozkurt |
| 260 |
_aİstanbul : _bİnkılap Kitabevi, _c2017 |
||
| 300 |
_a149 sayfa ; _c22 cm |
||
| 650 | 0 | 0 | _aTürk edebiyatı, şiir |
| 942 |
_2ddc _cBK |
||
| 999 |
_c8942 _d8942 |
||
| 900 | _bGizem YORULMAZ | ||